01156nam0a22002411 4500001001100000005001700011021001900028035002600047100004100073101000800114102000700122105001800129200009800147210004500245215002300290327015700313464019900470700007200669702011500741801001800856801002200874852001800896rc\372832020250610065216.0 aRUb[70-87387] a(NLR Aleph) 007777982 a20130115d1970 |||y0rusy50 ca0 arus aRU aa z |||a|1 aРунный ходeСтихотворения и поэмаf[Ил.: И.М. Гирель] aМоскваcСов. Россияd1970 a103 с.cил.d140 aЦиклы: Далеко в стране Иркутской; Песни и раздумья; Слово об Илимской пашне: Поэма 012001#$aДалеко в стране Иркутской$aПесни и раздумья$aСлово об Илимской пашне$eПоэмаtСлово об Илимской пашне 1aСкуратовbМ. М.f1903-gМихаил Маркелович 144407ca8rusaГирельbИ. М.cхудожникf1927-gИда Моисеевна3RU\NLR\AUTH\770252735 0aRUbNLRgpsbo 1aRUbELAR2rusmarc aNLRj70-1/436